Efectos de la inflación sobre los sistemas tributarios (Registro nro. 27599)

Detalles MARC
000 -LEADER
fixed length control field 00342 a2200109 4500
001 - CONTROL NUMBER
control field ART_18753
005 - DATE AND TIME OF LATEST TRANSACTION
control field 20260410161920.0
008 - FIXED-LENGTH DATA ELEMENTS--GENERAL INFORMATION
fixed length control field 260409a
100 1# - MAIN ENTRY--PERSONAL NAME
Personal name Cosciani, Cesare
245 10 - TITLE STATEMENT
Title Efectos de la inflación sobre los sistemas tributarios
773 0# - HOST ITEM ENTRY
Title La información
Related parts - Tomo XXXVII, Nº 579 (mar. 1978)
Record control number REV14902

No hay ítems disponibles.